000 00937nas a2200301 4500
001 BR2014002601
003 BR-BrBNA
005 20231205123940.0
007 ta
008 230509b bl.|||p| |||| 00| 00por d
040 _aBR-BrBNA
_bpor
_cBiblioteca Nacional de Agricultura
041 _a(En)
072 _aL40
100 1 _aMachado, M.R.F.
100 1 _aSouza, H. de O.
100 1 _aSouza, V.L. de
100 1 _aAzevedo, A. de
100 1 _aGoitein, R.
100 1 _aNobre, A.D.
245 1 _aMorphological and anatomical characterization of the digestive tract of Centropomus parallelus and C. undecimalis
650 _aROBALO
650 _aPEIXE MARINHO
650 _aHÁBITO ALIMENTAR
650 _aHISTOLOGIA
773 0 _tActa Scientiarum. Biological Sciences (Brazil)
_xISSN 1679-9283
_g(Oct-Dec 2013), v. 35(4) p. 467-474
_wBR2014002601
909 _a202311
_bLúcia
_c55
_dLúcia Elande
942 _2AGRIS
_n0
_cANA
999 _c236543
_d236543